Islam ka Qanoon-e-Mehnat: Quran o Sunnat ki Taleemat ki Roshni mein (Record no. 616343)

000 -LEADER
fixed length control field 00441nam a22001457a 4500
020 ## - INTERNATIONAL STANDARD BOOK NUMBER
International Standard Book Number 9789692243001
082 ## - DEWEY DECIMAL CLASSIFICATION NUMBER
Classification number 340.59
Author Mark AHM
100 ## - MAIN ENTRY--PERSONAL NAME
Personal name Ahmad, Iftikhar
Titles and words associated with a name Jameel, Asghar
245 ## - TITLE STATEMENT
Title Islam ka Qanoon-e-Mehnat: Quran o Sunnat ki Taleemat ki Roshni mein
Statement of responsibility, etc. Iftikhar Ahmad and Asghar Jameel
260 ## - PUBLICATION, DISTRIBUTION, ETC.
Place of publication, distribution, etc. Rawalpindi:
Date of publication, distribution, etc. 2024.
300 ## - PHYSICAL DESCRIPTION
Extent 274p
563 ## - BINDING INFORMATION
Binding note HB
650 ## - SUBJECT ADDED ENTRY--TOPICAL TERM
Topical term or geographic name entry element Quran and Sunnat
-- Labour law
942 ## - ADDED ENTRY ELEMENTS (KOHA)
Source of classification or shelving scheme
Koha item type Book
650 ## - SUBJECT ADDED ENTRY--TOPICAL TERM
-- 133384
Holdings
Withdrawn status Lost status Source of classification or shelving scheme Materials specified (bound volume or other part) Damaged status Not for loan Permanent Location Current Location Shelving location Date acquired Total Checkouts Full call number Barcode Date last seen Price effective from Koha item type
      Donated by the Author     Central Library (CL) Central Library (CL) General Stacks 02/23/2026   340.59 AHM CL-D-3181 02/23/2026 02/23/2026 Book
© 2023 Central Library, National University of Sciences and Technology. All Rights Reserved.